|
|
|
|
| LEADER |
01074njm a2200301 a 4500 |
| 001 |
000543193 |
| 003 |
CZ BrMZK |
| 005 |
20000105143423.0 |
| 008 |
000105s2000 xr f cze d |
| 028 |
0 |
3 |
|a UP 0036-2 131
|b Arco Diva
|
| 040 |
|
|
|a BOA001
|b cze
|
| 080 |
|
|
|a 785.74:787.1/.3(086.7)
|2 MRF
|
| 100 |
1 |
|
|a Janáček, Leoš,
|d 1854-1928
|7 jk01050745
|
| 245 |
1 |
0 |
|a String quartets Nos 1 and 2
|h [zvukový záznam] /
|c Leoš Janáček.
|
| 260 |
|
|
|a Praha :
|b Arco Diva,
|c p2000
|
| 300 |
|
|
|a 1 CD :
|b DDD, stereo ;
|c 12 cm +
|e 1 brožura [6 s.].
|
| 306 |
|
|
|a 004423
|
| 500 |
|
|
|a Text v brož. vícejaz.
|
| 500 |
|
|
|a Nahr. 2000
|
| 500 |
|
|
|a Durata 44:23
|
| 505 |
0 |
|
|a String quartet no 1 (Kreutzer sonata), String Quartet no 2 (Intimate letters).
|
| 511 |
0 |
|
|a Kvarteto Martinů
|
| 653 |
0 |
|
|a smyčcové kvartety
|
| 710 |
2 |
|
|a Kvarteto Martinů
|7 ko2003164884
|
| 910 |
|
|
|a BOA001
|b CD-0009.105
|
| 964 |
|
|
|a Kvartety smyčcové
|z stol.20.,pol.1.
|x CD
|
| 990 |
|
|
|a AV
|
| 996 |
6 |
|
|b 261H009798
|c CD-0009.105
|l MZK
|r Sklad / do 24 hodin
|n 0
|p p.v.
|w 000543193
|u 000010
|a 1
|e BOA001
|j MZK50
|s P
|